Movies Quiz

Random Movies or Role Quiz

Michael Wincott Movies Quiz Stats

 Plays Quiz not verified by Sporcle

Also try: Parting Shots VI
Challenge
Share
Tweet
Embed
Score 0/42 Timer 06:00
0 Plays Today
Year Movie Title % Correct
1994The Crow
93.3%
1991Robin Hood: Prince of Thieves
80%
1997Metro
73.3%
19921492: Conquest of Paradise
66.7%
1993The Three Musketeers
66.7%
2001Along Came a Spider
66.7%
2002The Count of Monte Cristo
66.7%
1988Talk Radio
60%
1995Strange Days
60%
2008What Just Happened
60%
2012Hitchcock
60%
1996Basquiat
53.3%
1998Gunshy
40%
2007Seraphim Falls
40%
1978Wild Horse Hank
33.3%
1989Born on the Fourth of July
33.3%
1991The Doors
33.3%
1995Dead Man
33.3%
2004The Assassination of Richard Nixon
33.3%
2007The Diving Bell and the Butterfly
33.3%
1983Curtains
26.7%
Year Movie Title % Correct
2002Treasure Planet
26.7%
2008A Lonely Place for Dying
26.7%
2010The Farewell
26.7%
1987The Sicilian
20%
1989Bloodhound of Broadway
20%
2000Before Night Falls
20%
1981Circle of Two
13.3%
1979Title Shot
6.7%
1993Romeo is Bleeding
6.7%
1976Earthbound
0%
1980Nothing Personal
0%
1981Ticket to Heaven
0%
1989Suffering Bastards
0%
1995Panther
0%
1997Alien: Resurresction
0%
1998Hidden Agenda
0%
2001Red Phone: Manhunt
0%
2008Sketches from Great Gull
0%
2012Infex
0%
2012Grand Street
0%
2012Knight of Cups
0%

You're not logged in!

Compare scores with friends on all Sporcle quizzes.
OR
Log In

You Might Also Like...

Show Comments

Extras

Created Feb 3, 2013ReportNominate
Tags:Role Quiz, michael

Top Quizzes Today


Score Distribution

Your Account Isn't Verified!

In order to create a playlist on Sporcle, you need to verify the email address you used during registration. Go to your Sporcle Settings to finish the process.

Report this User

Report this user for behavior that violates our Community Guidelines.

Details: